Экономика туризма: учебник

Dettagli Bibliografici
Autore principale: Здоров А. Б. Александр Борисович
Ente Autore: Российская международная академия туризма (РМАТ)
Riassunto:Исключено из фонда НТБ ТПУ
Lingua:russo
Pubblicazione: Москва, Финансы и статистика, 2007
Natura: MixedMaterials Libro
KOHA link:https://koha.lib.tpu.ru/cgi-bin/koha/opac-detail.pl?biblionumber=118829

MARC

LEADER 00000nam0a2200000 4500
001 118829
005 20231031124328.0
010 |a 5279027294 
035 |a (RuTPU)RU\TPU\book\128578 
090 |a 118829 
100 |a 20070619d2007 m y0rusy50 ca 
101 0 |a rus 
102 |a RU 
105 |a a j 001zy 
200 1 |a Экономика туризма  |e учебник  |f А. Б. Здоров  |g Российская международная академия туризма (РМАТ) 
210 |a Москва  |c Финансы и статистика  |d 2007 
215 |a 272 с.  |c ил. 
320 |a Рекомендуемая литература: с. 263-264. 
333 |a Исключено из фонда НТБ ТПУ 
451 1 |0 (RuTPU)RU\TPU\book\105374  |y 5-279-02729-4  |t Экономика туризма  |o учебник для вузов  |f А. Б. Здоров  |g Российская международная академия туризма  |c М.  |n Финансы и статистика  |d 2005  |p 268 с.  |a Здоров, Александр Борисович 
686 |a У9(2)43я73  |v LBC/SL-A  |2 rubbk 
700 1 |a Здоров  |b А. Б.  |g Александр Борисович 
712 0 2 |a Российская международная академия туризма (РМАТ)  |c (Сходня)  |2 stltpush  |3 (RuTPU)RU\TPU\col\168 
801 1 |a RU  |b 63413507  |c 20070619  |g PSBO 
801 2 |a RU  |b 63413507  |c 20220331  |g PSBO 
942 |c BK 
959 |a 47/20070604  |d 2  |e 120,00  |f АНЛ:1  |f ЧЗГЛ:1